Countries that are members of NATO - Statistics

General Stats
  • This quiz has been taken 69 times
  • The average score is 29 of 32
Answer Stats
Hint Answer % Correct
Europe Belgium
100%
North America Canada
100%
North America United States of America
100%
Europe Finland
98%
Europe France
97%
Europe Norway
97%
Europe Spain
97%
Europe Sweden
97%
Europe United KIngdom
97%
Europe Germany
95%
Europe Netherlands
95%
Europe Portugal
95%
Europe Greece
94%
Europe Estonia
92%
Europe Italy
92%
Europe Lithuania
92%
Europe Slovenia
92%
Europe Denmark
90%
Europe Latvia
90%
Asia Turkey
90%
Europe Hungary
89%
Europe Poland
89%
Europe Slovakia
89%
Europe Croatia
87%
Europe Czechia
85%
Europe Iceland
85%
Europe Luxembourg
85%
Europe North Macedonia
85%
Europe Montenegro
82%
Europe Albania
81%
Europe Romania
81%
Europe Bulgaria
79%
No matching quizzes found
Score Distribution
Percent of People with Each Score
Percentile by Number Answered
Your Score History
You have not taken this quiz